000 00312nam a22001337a 4500
008 170829b xxu||||| |||| 00| 0 eng d
020 _a9780803946293
041 _aeng
080 _22nd
_a070
100 _a39
101 _aMED
245 _aRACE, MULTICULTURALISM, AND THE MEDIA
_cWILSON,C.C
942 _2udc
_cBK
999 _c25225
_d25225